Women and power in the Middle East / (Record no. 11003)
[ view plain ]
| 000 -LEADER | |
|---|---|
| fixed length control field | 01215cam a22003134a 4500 |
| 001 - CONTROL NUMBER | |
| control field | 12117447 |
| 005 - DATE AND TIME OF LATEST TRANSACTION | |
| control field | 20171126110038.0 |
| 008 - FIXED-LENGTH DATA ELEMENTS--GENERAL INFORMATION | |
| fixed length control field | 000724s2001 paua b 001 0 eng |
| 010 ## - LIBRARY OF CONGRESS CONTROL NUMBER | |
| LC control number | 00060200 |
| 020 ## - INTERNATIONAL STANDARD BOOK NUMBER | |
| International Standard Book Number | 9780812217490 |
| 020 ## - INTERNATIONAL STANDARD BOOK NUMBER | |
| International Standard Book Number | 0812217497 (pbk. : alk. paper) |
| 040 ## - CATALOGING SOURCE | |
| Original cataloging agency | DLC |
| Transcribing agency | DLC |
| Modifying agency | DLC |
| 042 ## - AUTHENTICATION CODE | |
| Authentication code | pcc |
| 043 ## - GEOGRAPHIC AREA CODE | |
| Geographic area code | aw----- |
| 082 00 - DEWEY DECIMAL CLASSIFICATION NUMBER | |
| Classification number | 305.4209 |
| Item number | WOM |
| Edition number | 21 |
| 245 00 - TITLE STATEMENT | |
| Title | Women and power in the Middle East / |
| Statement of responsibility, etc | edited by Suad Joseph and Susan Slyomovics. |
| 260 ## - PUBLICATION, DISTRIBUTION, ETC. (IMPRINT) | |
| Place of publication, distribution, etc | Philadelphia, PA : |
| Name of publisher, distributor, etc | University of Pennsylvania Press, |
| Date of publication, distribution, etc | c2001. |
| 300 ## - PHYSICAL DESCRIPTION | |
| Extent | vi, 237 p. : |
| Other physical details | ill. ; |
| Dimensions | 24 cm. |
| 504 ## - BIBLIOGRAPHY, ETC. NOTE | |
| Bibliography, etc | Includes bibliographical references (p. [219]-230) and index. |
| 650 #0 - SUBJECT ADDED ENTRY--TOPICAL TERM | |
| Topical term or geographic name as entry element | Women in politics |
| Geographic subdivision | Middle East. |
| 9 (RLIN) | 3771 |
| Source of heading or term | BUEsh |
| 650 #0 - SUBJECT ADDED ENTRY--TOPICAL TERM | |
| Topical term or geographic name as entry element | Women |
| Geographic subdivision | Middle East |
| General subdivision | History. |
| 9 (RLIN) | 3772 |
| Source of heading or term | BUEsh |
| 650 #0 - SUBJECT ADDED ENTRY--TOPICAL TERM | |
| Topical term or geographic name as entry element | Feminism |
| Geographic subdivision | Middle East. |
| 9 (RLIN) | 3774 |
| Source of heading or term | BUEsh |
| 651 ## - SUBJECT ADDED ENTRY--GEOGRAPHIC NAME | |
| Source of heading or term | BUEsh |
| 650 #0 - SUBJECT ADDED ENTRY--TOPICAL TERM | |
| 9 (RLIN) | 3773 |
| Topical term or geographic name as entry element | Women |
| Geographic subdivision | Middle East |
| General subdivision | Social conditions |
| Source of heading or term | BUEsh |
| 700 1# - ADDED ENTRY--PERSONAL NAME | |
| Personal name | Joseph, Suad. |
| 9 (RLIN) | 3775 |
| 700 1# - ADDED ENTRY--PERSONAL NAME | |
| Personal name | Slyomovics, Susan. |
| 9 (RLIN) | 3776 |
| 942 ## - ADDED ENTRY ELEMENTS (KOHA) | |
| Source of classification or shelving scheme | Dewey Decimal Classification |
| Item type | NB - Book (Non borrowing) |
| Withdrawn status | Item status | Source of classification or shelving scheme | Damaged status | Not for loan | Vendor | Home library | Current library | Shelving location | Date acquired | Source of acquisition | Total Checkouts | Total Renewals | Full call number | Barcode | Date last seen | Date last borrowed | Koha item type |
|---|---|---|---|---|---|---|---|---|---|---|---|---|---|---|---|---|---|
| Dewey Decimal Classification | Baccah | Central Library | Central Library | First floor | 04/03/2009 | 29 | 162 | 305.4209 WOM | 000015274 | 15/07/2025 | 12/04/2022 | Book - Borrowing | |||||
| Dewey Decimal Classification | Baccah | Central Library | Central Library | First floor | 04/03/2009 | Purchase | 9 | 40 | 305.4209 WOM | 000015273 | 15/07/2025 | 12/04/2022 | Book - Borrowing | ||||
| Dewey Decimal Classification | Baccah | Central Library | Central Library | First floor | 04/03/2009 | 6 | 305.4209 WOM | 000015272 | 15/07/2025 | 12/11/2013 | NB - Book (Non borrowing) |